| 000 | 00342nam a2200109Ia 4500 | ||
|---|---|---|---|
| 008 | 230907s9999||||xx |||||||||||||| ||und|| | ||
| 082 | _a621.317,REA | ||
| 245 | 0 | _aReal-time stability assessment in modern power system control centers / | |
| 260 |
_aJohn Wiley & Sons, Inc., _bHoboken, N.J. : _c2009 |
||
| 300 | _axxviii, 425 p. : | ||
| 942 | _cBK | ||
| 999 |
_c598085 _d598085 |
||